00960nam a2200193 a 450000100100000000500170001000800410002704000250006811000770009324000170017024501400018726000570032730000200038404900090040495201200041395201050053395201110063899900170074900002872220200930055111.0110412s2007 dr 000 0 spa d aDO-SdBNPbspacBNPHU1 aRepública DominicanabPoder JudicialbSuprema Corte de Justicia95571210a[Leyes, etc]10aResolución No. 1651-2007 :bque deroba y sustituye el reglamento del fondo de retiro, pensiones y jubilacioenes del Poder Judicial /. aSanto Domingo :bSuprema Corte de Justicia,c[2007]. a21 p. ;c23 cm. aBNPD 001054708DSaGRbGRcCTd2011-04-11iLF1l0o p28722-30r2020-06-25te. 3w2020-06-25yLFDSZPréstamo en sala 0010718PDaPDbPDcCTd2011-04-11iLF1l0o p28722-10r2020-06-25w2020-06-25yLFPDZNo se presta 0010718PDaPDbPDcCTd2011-04-11iLF1l0o p28722-20r2020-06-25te. 2w2020-06-25yLFPDZNo se presta c28214d28214